The impeachment of warren hostings (Record no. 1450619)

MARC details
000 -LEADER
fixed length control field 00609nam a2200205Ia 4500
005 - DATE AND TIME OF LATEST TRANSACTION
control field 20250923145356.0
008 - FIXED-LENGTH DATA ELEMENTS--GENERAL INFORMATION
fixed length control field 008 250917s9999 xx 000 0 eng d
037 ## - SOURCE OF ACQUISITION
Stock number Textual
040 ## - CATALOGING SOURCE
Original cataloging agency DSWL
Language of cataloging eng
Transcribing agency DSWL
041 ## - LANGUAGE CODE
Language code of text/sound track or separate title eng
Source of code eng
084 ## - COLON CLASSIFICATION NUMBER
Classification number V2-3(Z,7,5)'L78, N65
Assigning agency DSWL
100 ## - MAIN ENTRY--PERSONAL NAME
Personal name Marshall, P.J.
9 (RLIN) 834645
245 #4 - TITLE STATEMENT
Title The impeachment of warren hostings
Statement of responsibility, etc. by P.J. Marshall
260 ## - PUBLICATION, DISTRIBUTION, ETC.
Place of publication, distribution, etc. London
Name of publisher, distributor, etc. Oxford University Press
Date of publication, distribution, etc. 1965
300 ## - PHYSICAL DESCRIPTION
Extent xix,217 p.
365 ## - TRADE PRICE
Price type code INR
Price amount 30 . 0
925 ## -
-- 30 . 0
942 ## - ADDED ENTRY ELEMENTS (KOHA)
Koha item type Textual
Classification part V2-3(Z,7,5)'L78, N65
Holdings
Withdrawn status Lost status Damaged status Not for loan Home library Current library Date acquired Source of acquisition Total Checkouts Full call number Barcode Date last seen Price effective from Koha item type
        Department of Social Work Library Department of Social Work Library 2025-09-23 The University of Wisconsin College year in India Program Delhi-6   V2-3(Z,7,5)'L78, N65 SW0017995 2025-09-23 2025-09-23 Textual
Copyright @ Delhi University Library System